| 000 | 00457nam a22001817a 4500 | ||
|---|---|---|---|
| 005 | 20251108175057.0 | ||
| 008 | 250721s2012 xx 000 0 eng d | ||
| 082 | 1 | 4 | _aF/DUM |
| 100 | 1 | _aDumas, ALexandre | |
| 245 | 1 | 4 | _aThe Count of Monte Cristo / |
| 264 | 1 |
_aLebanon : _bAL Maktaba AL Hadissa, _c2012. |
|
| 300 | _a176P. | ||
| 490 | 0 | _aAMAZING ILLUSTRATED CLASSICS | |
| 650 | 1 | 7 | _aSTORY |
| 650 | 1 | 7 | _aCHILDREN |
| 942 |
_2ddc _cBK |
||
| 999 |
_c125597 _d125597 |
||